[Event "Gelsenkirchen Silvester op 4th"]
[Site "Gelsenkirchen"]
[Date "2016.12.27"]
[Round "2"]
[White "Heimsoth, Sven Holger"]
[Black "Eickholt, Marc"]
[Result "1-0"]
[WhiteElo "2157"]
[BlackElo "1787"]
[PlyCount "73"]
[EventDate "2016.12.27"]
[EventType "swiss"]
[EventRounds "5"]
[EventCountry "GER"]
[SourceTitle "EXT 2019"]
[Source "ChessBase"]
[SourceDate "2018.10.10"]
[SourceVersion "1"]
[SourceVersionDate "2018.10.10"]
[SourceQuality "1"]

1. Nf3 d5 2. g3 g6 3. Bg2 Bg7 4. d4 Nf6 5. c4 c6 6. Nbd2 0-0 7. 0-0 Bf5 8. Nh4 Be6 9. Qb3 Qc8 10. Qc2 Bh3 11. b3 Bxg2 12. Kxg2 Nbd7 13. Bb2 Qd8 14. Rac1 Rc8 15. Nhf3 Re8 16. Qd3 Qb6 17. e4 Nxe4 18. Nxe4 dxe4 19. Qxe4 Nf6 20. Qe2 e6 21. Rfe1 Qa5 22. Bc3 Qh5 23. h3 Qf5 24. g4 Qf4 25. Ne5 h5 26. Rcd1 Qh6 27. Bd2 Qh8 28. Qf3 Rc7 29. Re2 Rf8 30. Bb4 Rd8 31. Bc3 Ne8 32. Rde1 Bxe5 33. Rxe5 h4 34. d5 cxd5 35. Rxe6 Qh7 36. Rxe8+ Rxe8 37. Rxe8# 1-0

[Event "SBDU-ch"]
[Site "Duisburg"]
[Date "2011.09.23"]
[Round "2"]
[White "Hamm, Siegfried"]
[Black "Eickholt, Marc"]
[Result "1-0"]
[WhiteElo "1609"]
[BlackElo "1418"]
[PlyCount "72"]
[EventDate "2011.09.09"]
[EventType "swiss"]
[EventRounds "7"]
[EventCountry "GER"]
[SourceTitle "EXT 2015"]
[Source "ChessBase"]
[SourceDate "2014.11.20"]
[SourceVersion "1"]
[SourceVersionDate "2014.11.20"]
[SourceQuality "1"]

1. e4 e5 2. Nf3 Nc6 3. d4 exd4 4. Bc4 Nf6 5. e5 d5 6. Bb5 Ne4 7. 0-0 Bc5 8. Nxd4 0-0 9. Nxc6 bxc6 10. Bxc6 Ba6 11. Be3 Bxe3 12. fxe3 Bxf1 13. Bxa8 Qh4 14. Qxf1 Rxa8 15. Na3 Rb8 16. b3 Rb6 17. c4 g5 18. cxd5 Rh6 19. h3 g4 20. Qf4 gxh3 21. Qxh4 Rxh4 22. gxh3 Rxh3 23. Nc4 Rg3+ 24. Kf1 Kf8 25. Ke2 Rg5 26. Kd3 Nc5+ 27. Kd4 Nd7 28. Rf1 Ke7 29. Rh1 Rg4+ 30. Kc3 Nf8 31. Rh6 Rg6 32. Rh2 Rg1 33. Kb4 Rd1 34. Kc5 Kd7 35. Rh6 Rg1 36. Rf6 Rg6 1-0

[Event "Rheinhausen-ch"]
[Site "Rheinhausen"]
[Date "2011.03.11"]
[Round "6"]
[White "Klees, Robert"]
[Black "Eickholt, Marc"]
[Result "0-1"]
[WhiteElo "1346"]
[BlackElo "1413"]
[PlyCount "42"]
[EventDate "2011.01.07"]
[EventType "swiss"]
[EventRounds "7"]
[EventCountry "GER"]
[SourceTitle "EXT 2015"]
[Source "ChessBase"]
[SourceDate "2014.11.20"]
[SourceVersion "1"]
[SourceVersionDate "2014.11.20"]
[SourceQuality "1"]

1. d4 d5 2. Nf3 Nf6 3. e3 Bf5 4. c4 c6 5. cxd5 cxd5 6. Nh4 Bg6 7. Nxg6 hxg6 8. Qb3 Qc7 9. g3 e6 10. Bg2 Qxc1+ 11. Ke2 Qc7 12. Nd2 Be7 13. e4 0-0 14. exd5 exd5 15. Bxd5 Nxd5 16. Qxd5 Nc6 17. Rac1 Rad8 18. Qb3 Qd7 19. Nf3 Bf6 20. d5 Rfe8+ 21. Kf1 Qxd5 0-1

[Event "Rheinhausen-ch"]
[Site "Rheinhausen"]
[Date "2011.02.18"]
[Round "4"]
[White "Jentzsch, David"]
[Black "Eickholt, Marc"]
[Result "1-0"]
[WhiteElo "1615"]
[BlackElo "1413"]
[PlyCount "63"]
[EventDate "2011.01.07"]
[EventType "swiss"]
[EventRounds "7"]
[EventCountry "GER"]
[SourceTitle "EXT 2015"]
[Source "ChessBase"]
[SourceDate "2014.11.20"]
[SourceVersion "1"]
[SourceVersionDate "2014.11.20"]
[SourceQuality "1"]

1. e4 e5 2. Nf3 Nc6 3. Bb5 a6 4. Bxc6 dxc6 5. 0-0 Qf6 6. d4 exd4 7. Nxd4 Bd6 8. Re1 Ne7 9. Be3 0-0 10. Nd2 Qg6 11. Kh1 f5 12. f3 c5 13. N4b3 b6 14. e5 Bxe5 15. Bxc5 Nc6 16. Bxf8 Kxf8 17. Nc4 Bf4 18. Qe2 Qh5 19. h3 Bb7 20. Qf1 Qh4 21. Rad1 Qg3 22. Qg1 Nb4 23. Nd4 Kf7 24. Ne2 Qg5 25. Nxf4 Qxf4 26. Rd7+ Kf8 27. b3 Nxc2 28. Ree7 g5 29. Rxh7 Kg8 30. Rxc7 Nd4 31. Qe1 Bxf3 32. Rcg7+ 1-0

[Event "Rheinhausen-ch"]
[Site "Rheinhausen"]
[Date "2011.01.21"]
[Round "2"]
[White "Hamm, Siegfried"]
[Black "Eickholt, Marc"]
[Result "1/2-1/2"]
[WhiteElo "1713"]
[BlackElo "1413"]
[PlyCount "40"]
[EventDate "2011.01.07"]
[EventType "swiss"]
[EventRounds "7"]
[EventCountry "GER"]
[SourceTitle "EXT 2015"]
[Source "ChessBase"]
[SourceDate "2014.11.20"]
[SourceVersion "1"]
[SourceVersionDate "2014.11.20"]
[SourceQuality "1"]

1. e4 e5 2. Nf3 Nc6 3. d4 exd4 4. Bc4 Nf6 5. e5 d5 6. Bb5 Nd7 7. Bxc6 bxc6 8. Nxd4 Bc5 9. Nxc6 Qh4 10. 0-0 Ba6 11. g3 Qh3 12. Re1 Bxf2+ 13. Kxf2 Qxh2+ 14. Kf3 Qh3 15. Nd4 0-0 16. Rh1 Nxe5+ 17. Kf2 Ng4+ 18. Kf3 Ne5+ 19. Kf2 Ng4+ 20. Kf3 Ne5+ 1/2-1/2

[Event "Rheinhausen-ch"]
[Site "Rheinhausen"]
[Date "2011.01.08"]
[Round "1"]
[White "Eickholt, Marc"]
[Black "Halfmann, Peter"]
[Result "1/2-1/2"]
[WhiteElo "1413"]
[BlackElo "1808"]
[PlyCount "110"]
[EventDate "2011.01.07"]
[EventType "swiss"]
[EventRounds "7"]
[EventCountry "GER"]
[SourceTitle "EXT 2015"]
[Source "ChessBase"]
[SourceDate "2014.11.20"]
[SourceVersion "1"]
[SourceVersionDate "2014.11.20"]
[SourceQuality "1"]

1. d4 d5 2. c4 c6 3. Nf3 Nf6 4. e3 e6 5. Nbd2 Nbd7 6. Bd3 Bd6 7. b3 e5 8. dxe5 Nxe5 9. Bc2 Bg4 10. h3 Bh5 11. Bb2 Nxf3+ 12. Nxf3 Bb4+ 13. Kf1 0-0 14. g4 Bg6 15. Bxg6 hxg6 16. a3 Be7 17. Qc2 dxc4 18. Qxc4 b5 19. Qc2 Qd5 20. Ke2 c5 21. Rad1 Qb7 22. Nd2 Rfd8 23. g5 Nh5 24. Nf3 Rxd1 25. Rxd1 Re8 26. Be5 Bxg5 27. Nxg5 Qe7 28. Nxf7 Kxf7 29. Bd6 Qe6 30. Qxc5 Qxb3 31. Qd5+ Qxd5 32. Rxd5 Rd8 33. Rd4 Nf6 34. Bc5 Ra8 35. a4 bxa4 36. Rxa4 a6 37. e4 g5 38. f3 Nd7 39. Bd4 Kg6 40. Ra5 Nf6 41. Be3 Nh7 42. Kd3 Rd8+ 43. Kc4 Rd6 44. Kc5 Re6 45. Kd5 Kf7 46. Rc5 Nf6+ 47. Kd4 Rd6+ 48. Kc4 Nh7 49. Bxg5 Rd1 50. Kb4 Nxg5 51. Rxg5 Rf1 52. Rg3 Kf6 53. Ka5 Ra1+ 54. Kb4 Rf1 55. Ka5 Ra1+ 1/2-1/2